Responses for show #505 - Friday, November 14, 1986

1986 Tournament of Champions quarterfinal game 5.

Contestants

Gary Palmer, a physician from Palm Springs, California

Guy Tonti, a telecommunications manager from Vallejo, California

Chuck Forrest, a law student from Grand Blanc, Michigan

Jeopardy! Round responses

NUCLEAR PHYSICS
DISNEYLAND
MOVIE PAIRS
THE QUEEN'S ENGLISH
DAYS IN SONG
READ THE LABEL!
    $100 1
sun

Guy
    $100 20
Mark Twain

Chuck
    $100 15
Abbott and Costello

Chuck
    $100 3
pharmacist

Chuck
    $100 13
Monday

Chuck
    $100 9
Roach Motel

Chuck
    $200 2
Einstein

Chuck
    $200 19
[Applause]
(Alex: You got it and you're on the board.)
(Gary: Thank you. [Waves to the audience])

Butch Cassidy & the Sundance Kid

Gary
    $200 5
napkin

Chuck
    $1,000 16
(Chuck: What is Tuesday?)

"Saturday Night's Alright For Fighting"

Chuck
    $200 11
[laughter]

queen size

Guy
    $300 4
(Guy: What is carbon?)
[initially ruled incorrect; reversed at the interview segment]

graphite

ChuckGuy
    $300 22
(Gary: Who is [**] and uh, uh...)

Gregory Hines and Mikhail Baryshnikov

ChuckGary
    $300 7
(Alex: It means it's a great success.)

happily

Chuck
    $300 17
Sunday, Monday, Happy Days

Guy
    $300 12
Perrier

Guy
    $400 6
uranium

Chuck
    $400 23
Romeo and Juliet

Chuck
    $400 10
nursing

Chuck
    $400 18
Ruby Tuesday

Chuck
    $500 8
electrons

Guy
    $500 24
(Alex: When you don't know the first name don't...)
(Guy: Barry I think.)

Bing Crosby and Fitzgerald

Guy
    $500 14
(Chuck: What is a winter coat, a fur coat?)

parka

Chuck
Triple Stumper
    $500 21
Sunday Morning Coming Down

Chuck

Scores at the first commercial break (after clue 12):

Chuck Guy Gary
$2,000 $1,400 $0

Scores at the end of the Jeopardy! Round:

Chuck Guy Gary
$2,400 $2,200 -$100

Double Jeopardy! Round responses

WORLD HISTORY
ELECTIONS
NOVELS
SPORTS GREATS
U.S. CITIES
"MOORE" OR "LES"
    $200 2
Turkey

Chuck
    $200 3
George Washington

Guy
    $200 22
heartburn

Chuck
    $200 1
Mickey Mantle

Chuck
    $200 8
Philadelphia

Gary
    $200 9
Roger Moore

Guy
    $400 11
Nasser

Gary
    $400 14
often

Gary
    $400 27
The Virginian

Chuck
    $400 4
ice skating

Gary
    $400 10
Butte

Chuck
    $400 12
Les Paul

Chuck
    $600 13
the long march

Chuck
    $600 19
Alf Landon

Chuck
    $600 28
All The King's Men

Chuck
    $600 5
tennis

Gary
    $700 17
Sacramento

Gary
    $1,000 15
(Gary: I don't know.)

No Les No more.

Gary
    $800 20
Oliver Cromwell

Gary
    $800 24
New York

Chuck
    $800 29
Kidnapped

Triple Stumper
    $800 6
(Chuck: What is wrestling?)

stock car racing

Chuck
Triple Stumper
    $800 18
Birmingham (Alabama)

Gary
    $800 16
Sara Moore

Gary
    $1000 23
Napoleon

Chuck
    $1000 25
(Gary: Who is Benjamin Harrison?)

Rutherford B. Hayes

ChuckGary
    $1000 30
Fathers And Sons

Chuck
    $1000 7
(Gertrude) Ederle

Chuck
    $1000 26
Dayton

Chuck
    $1000 21
Marianne Moore

Triple Stumper

Scores at the end of the Double Jeopardy! Round:

Chuck Guy Gary
$11,000 $2,600 $3,000
(lock game)

Final Jeopardy! Round responses

HEALTH
GuyWhat is Greenland?
$2,600
GaryWhat is German Japan?
$3,000
ChuckWhat is New Zealand?
$1,000
Japan

Final scores:

Chuck Guy Gary
$10,000 $0 $6,000
Automatic semifinalist 3rd place: $1,000 if eliminated 2nd place: $1,000 if eliminated

Game dynamics:

Coryat scores:

Chuck Guy Gary
$12,000 $2,600 $3,900
30 R,
3 W
(including 1 DD)
9 R,
0 W
10 R
(including 1 DD),
3 W
(including 1 DD)

Combined Coryat: $18,500

The J! Archive is created by fans, for fans. The Jeopardy! game show and all elements thereof, including but not limited to copyright and trademark thereto, are the property of Jeopardy Productions, Inc. and are protected under law. This website is not affiliated with, sponsored by, or operated by Jeopardy Productions, Inc. Join the discussion at JBoard.tv.